Президенты США - Statistics

General Stats
  • This quiz has been taken 91 times
    88 since last reset
  • The average score is 16 of 47
Answer Stats
Президентство Ответ % Correct
2017-2021 Дональд Трамп 45
97%
2021-2025 Джо Байден 46
97%
2025-2029 Дональд Трамп 47
97%
1789-1797 Джордж Вашингтон 1
89%
2009-2017 Барак Обама 44
88%
1961-1963 Джон Кеннеди 35
72%
1901-1909 Теодор Рузвельт 26
67%
1933-1945 Франклин Рузвельт 32
67%
1863-1865 Авраам Линкольн 16
66%
1993-2001 Билл Клинтон 42
61%
2001-2009 Джордж Буш - Младший 43
56%
1989-1993 Джордж Буш - Старший 41
55%
1981-1989 Рональд Рейган 40
52%
1969-1974 Ричард Никсон 37
48%
1945-1953 Гарри Трумен 33
39%
1797-1801 Джон Адамс 2
36%
1825-1829 Джон Адамс 6
36%
1953-1961 Дуайт Эйзенхауэр 34
33%
1974-1977 Джеральд Форд 38
33%
1963-1969 Линдон Джонсон 36
31%
1865-1869 Эндрю Джонсон 17
30%
1977-1981 Джимми Картер 39
30%
1801-1809 Томас Джефферсон 3
25%
1913-1921 Вудро Вильсон 28
25%
1817-1825 Джеймс Монро 5
23%
1829-1837 Эндрю Джексон 7
20%
1809-1817 Джеймс Мэдисон 4
17%
1841 Уильям Гаррисон 9
17%
1889-1893 Бенджамин Гаррисон 23
17%
1857-1863 Джеймс Бьюкенен 15
14%
1881 Джеймс Гарфилд 20
13%
1909-1913 Уильям Тафт 27
13%
1841-1845 Джон Тайлер 10
11%
1869-1877 Улисс Грант 18
11%
1845-1849 Джеймс Полк 11
9%
1853-1857 Франклин Пирс 14
9%
1897-1901 Уильям Мак-Кинли 25
9%
1921-1923 Уоррен Гардинг 29
9%
1923-1929 Калвин Кулидж 30
9%
1837-1841 Мартин Бюрен 8
8%
1849-1950 Закари Тейлор 12
8%
1850-1853 Миллард Филлмор 13
8%
1881-1885 Честер Артур 21
8%
1877-1881 Ратерфорд Хейс 19
5%
1929-1933 Герберт Гуверт 31
3%
1885-1889 Гровер Кривленд 22
0%
1893-1897 Гровер Кривленд 24
0%
No matching quizzes found
Score Distribution
Percent of People with Each Score
Percentile by Number Answered
Your Score History
You have not taken this quiz since the last reset